Algunas reflexiones sobre el lenguaje : de la lengua al discurso /
Guardado en:
| Autor Principal: | |
|---|---|
| Formato: | Libro |
| Publicado: |
Buenos Aires :
Conicet,
1997
|
| Series: | Pro Ciencia
|
| Materias: | |
| Etiquetas: |
Agregar Etiqueta
Sin Etiquetas, Sea el primero en etiquetar este registro!
|
| LEADER | 01033nam a22002775a 4500 | ||
|---|---|---|---|
| 001 | CEM.cems009572 | ||
| 005 | 20081209120801.0 | ||
| 008 | 130507s1997##################000#0#####d | ||
| 003 | CEMS | ||
| 020 | |a 9506870381 | ||
| 082 | 0 | 4 | |a 410 |
| 100 | 1 | |a Linde, Carmen de la | |
| 245 | 1 | 0 | |a Algunas reflexiones sobre el lenguaje : |b de la lengua al discurso / |c Carmen de La Linde |
| 260 | |a Buenos Aires : |b Conicet, |c 1997 | ||
| 300 | |a 127 p. | ||
| 490 | 0 | |a Pro Ciencia | |
| 500 | |a Red Federal de Formación Docente Continuaprograma de Perfeccionamiento Docente | ||
| 505 | 0 | |a Revolución Saussureana? -- Discurso y realidad -- La reflexión sobre el lenguaje en la segunda mitad del siglo | |
| 653 | |a Lenguaje | ||
| 653 | |a Discurso | ||
| 653 | |a Linguística | ||
| 653 | |a Linguística científica | ||
| 859 | |a CEMS |b BIB. CEMS - 11 de abril |h 410 |i L641 |p 19389.97 |t Ej.1 | ||
| 859 | |a CEMS |b BIB. CEMS - 11 de abril |h 410 |i L641 |p 19390.97 |t Ej.2 | ||
| 859 | |a CEMS |b BIB. CEMS - 11 de abril |h 410 |i L641 |p 19391.97 |t Ej.3 | ||
| 859 | |a CEMS |b BIB. CEMS | ||
